| 000 | 00436nam a2200145 a 4500 | ||
|---|---|---|---|
| 001 | 000036360 | ||
| 005 | 20200930075704.0 | ||
| 008 | 120113s1989 cu a 000 0 spa d | ||
| 040 |
_aDO-SdBNP _bspa _cBNPHU |
||
| 082 |
_axxx _bC268a |
||
| 100 | 1 |
_aCardone Soler, Ariel _962547 |
|
| 245 | 1 | 0 |
_aAtlas de ecocardiografía / _cAriel Cardone Soler. |
| 260 |
_aLa Habana, Cuba : _bCientifico-Técnico, _c1989. |
||
| 300 |
_a170 p. : _bil. ; _c25 cm. |
||
| 999 |
_c35851 _d35851 |
||